SOCIAL INNOVATION FOR BUSINESS SUCCESS S (Record no. 32749)

MARC details
000 -LEADER
fixed length control field 00372nam a2200145Ia 4500
008 - FIXED-LENGTH DATA ELEMENTS--GENERAL INFORMATION
fixed length control field 240624s9999 xx 000 0 und d
041 ## - LANGUAGE CODE
Language code of text/sound track or separate title eng
082 ## - DEWEY DECIMAL CLASSIFICATION NUMBER
Classification number 658.4092 SCH
100 ## - MAIN ENTRY--PERSONAL NAME
Personal name SCHMITT JULIA
245 ## - TITLE STATEMENT
Title SOCIAL INNOVATION FOR BUSINESS SUCCESS S
250 ## - EDITION STATEMENT
Edition statement (1st, 2014 ed.)
260 ## - PUBLICATION, DISTRIBUTION, ETC.
Date of publication, distribution, etc. 2014
Place of publication, distribution, etc. Germany
Name of publisher, distributor, etc. Springer
300 ## - PHYSICAL DESCRIPTION
Extent xi,99P. ; 23cm
365 ## - TRADE PRICE
Currency code ERU
Price amount 33
Holdings
Withdrawn status Lost status Damaged status Not for loan Home library Current library Shelving location Date acquired Total Checkouts Full call number Barcode Date due Date last seen Date last checked out Copy number Price effective from Koha item type
        IMTN IMTN Rack 29-B 01/07/2022 1 658.4092 SCH 32749 01/20/2026 01/10/2026 01/10/2026 88.7 06/24/2024 Books
Designed & Maintained by: LRC IMT Nagpur Contact: lrc@imtnag.ac.in© 2024. All Rights Reserved.